00470nam a2200193 a 4500001001300000003000900013005001700022008004100039020001000080082001500090100001700105245002200122260003000144300000900174500003500183505001900218650002200237700001700259nice12345678IN_TiNIC20260116011808.0050524s0000 egya grp 000 0 ara  ac10000a269.2bSAE aSaeed, Habib aRasool Fil Badiya aEgyptbMatba-E-Neelc0000 a128p aincludes index and biblioraphy2 aReserve copies aEvangelistic Work1 aSaeed, Habib